000 00324nam a22001217a 4500
008 160420b xxu||||| |||| 00| 0 eng d
020 _a9781609137472
020 _a1609137477
041 _aeng
080 _a618.2
245 1 0 _aMaternity and Pediatric Nursing;
_cSusan Scott Ricci ;Terri Kyle; Susan Carman;
942 _2udc
_cBK
999 _c1460
_d1460